00531nam a2200193 a 4500001001300000003000900013005001700022008004100039020001000080082001900090100002200109245006300131260004900194300000900243500003500252505001700287650001100304700002200315nice12345678IN_TiNIC20260116011457.0050524s1923 mada grp 000 0 eng  ac10000a297.12405bGOL aGoldsack, William aSelections from Muhammadan Traditionsb Mishkatul Masabih) aMadras bChristian Literature Society c1923 a309p aincludes index and biblioraphy2 aBibliography aHadith1 aGoldsack, William